Wajid Ali Shah Awr Unka Ahad (Record no. 8843)

MARC details
000 -LEADER
fixed length control field 00616nam a2200253 a 4500
020 ## - INTERNATIONAL STANDARD BOOK NUMBER
ISBN
082 00 - DEWEY DECIMAL CLASSIFICATION NUMBER
Classification number 954.031
Author Cutter JAF
100 ## - MAIN ENTRY--AUTHOR NAME
Author name Jafary, Rayees Ahmed
245 ## - TITLE STATEMENT
Title Wajid Ali Shah Awr Unka Ahad
260 ## - PUBLICATION, DISTRIBUTION, ETC. (IMPRINT)
Place of publication Lucknow
Name of publisher Kitab Manzil
Year of publication 1957
300 ## - PHYSICAL DESCRIPTION
Number of Pages 682p
500 ## - GENERAL NOTE
General note includes index and biblioraphy
505 2# - FORMATTED CONTENTS NOTE
Formatted contents note Index
650 ## - SUBJECT ADDED ENTRY--TOPICAL TERM
Topical Term India-Historiography
650 ## - SUBJECT ADDED ENTRY--TOPICAL TERM
Topical Term Lucknow-Rulers
942 ## - ADDED ENTRY ELEMENTS (KOHA)
Koha item type Books
700 1# -
-- Jafary, Rayees Ahmed
Holdings
Collection code Home library Current library Date acquired Cost, normal purchase price Full call number Accession Number Koha item type
  Henry Martyn Institute Library Henry Martyn Institute Library 04/04/2007 10.00 954.031 JAF 012384 Books
                   Copyright © 2026 | Henry Martyn Institute | Hyderabad | TS-500052 | INDIA | Implemented by hmi.edu.in
Hit-Count:

Powered by Koha